| 000 | 00428cam a2200169ua 4500 | ||
|---|---|---|---|
| 020 | _cRs.2.25 | ||
| 041 |
_amal _h |
||
| 082 |
_a894.812 1 _bEZH/GH |
||
| 100 | _aEzhuthachan, V.K . | ||
| 245 |
_aGoshayatra (Ottan thullal) / _cV.K Ezhuthachan. _hTextual Documents |
||
| 260 |
_aOttapalam : _bAjith book centre , _c1964. |
||
| 300 | _a104 ; . | ||
| 365 | _aRs.2.25 | ||
| 504 | _a | ||
| 942 | _cBK | ||
| 999 |
_c607 _d607 |
||